000 00474nam a2200181Ia 4500
003 GCL
008 140319s9999 xx 000 0 ara d
040 _aGCL /
_cGCL
082 0 4 _a813.03
_bم ط
100 1 _aمحمد حياوى
245 1 0 _aطواف متصل /
_cمحمد حياوى
300 _a87 ص
490 _aكتاب
_v0
650 0 4 _aالادب العربى
650 0 4 _aالقصص العربية
650 0 4 _aالادب العالمى
942 _2ddc
_cBK
999 _c41786
_d41786